A-Z: names ending in O - Statistics

General Stats
  • This quiz has been taken 32 times
  • The average score is 15 of 26
Answer Stats
Initial letter Clue Name ending in O % Correct
Z Masked TV swordsman whose name is Spanish for "Fox" Zorro
97%
P Old story about a puppet who comes to life Pinocchio
94%
Q Filmmaker behind Pulp Fiction and Jackie Brown Quentin Tarantino
90%
L Southern African country Lesotho
87%
T City in Spain, and Ohio Toledo
84%
D Italian artist and fictional ninja turtle Donatello
81%
I Moon of Jupiter Io
77%
V Writer of Notre-Dame de Paris and Les Misérables Victor Hugo
77%
H Japanese island Hokkaido
74%
A City in Syria Aleppo
68%
M First name of striker Salah and athlete Farah Mo
68%
W Texan city where the Branch Davidian cult was based Waco
68%
E First name of the founder of Ferrari and of footballer Francescoli Enzo
65%
J First name of comedian Brand and politician Cox Jo
65%
R Brazilian striker and surname of a Portuguese striker Ronaldo
65%
F First name of ex-Ferrari driver Alonso Fernando
55%
U Italian writer and thinker who wrote The Name of the Rose Umberto Eco
55%
B Surname of Hungarian inventor Laszlo who a ballpoint type of pen is named after Biro
52%
K Name of a rapper and a Nigerian city Kano
52%
S Mystery-solving cartoon dog Scooby Doo
45%
G Early Renaissance painter from Tuscany Giotto
32%
C Inspector Clouseau's Chinese assistant Cato
26%
Y Swiss pop group behind the 1988 hit The Race Yello
19%
N City in Zhejiang province, south of Shanghai Ningbo
16%
X Chinese city; the first four letters are the name of another city, and the last three, a philosophical concept Xiantao
16%
O Nigerian city Osogbo
3%
No matching quizzes found
Score Distribution
Percent of People with Each Score
Percentile by Number Answered
Your Score History
You have not taken this quiz